1549 1978 1249 1245 1296 1753 1961 1056 1766 1101 1232 1206 1017 1013 1871 1690 1138 1856 1680 1706 1915 1603 1618 1100 1498 1814 1052 1383 1925 1116 1190 1215 1474 1717 1172 1129 1881 1963 1391 1883 1264 1621 1718 1387 1401 1437 1309 1920 1724 1936 1058 1984 1797 1439 1008 1078 1018 1591 1703 1378 1480 1696 1467 1572 1252 1086 1573 1251 1014 1559 1011 1297 1336 1766 1865 1144 1958 1134 1456 1614 1214 1020 1770 1158 1961 1808 1354 1001 1993 1729 1910 1203 1713 1291 1044 1878 1606 1046 1169 BCNSPRNW ULIB Ver.6.0+V

เปลี่ยนเป็นภาษาไทย

Change to English
 แสดงรายละเอียดบรรณานุกรม
  กลับหน้าหลัก

Brief Record : Get Marc (ISO 2709) : E-mail record : QR code < ปิดหน้าต่าง
LEADER : 00000nam 2200000uu 4500
001    13399127494
003     ULIB
008    200617s2562||||th 000 0 tha d
020    ู^a9786160037933
050  0 ^aนว^bน294ร
100    ^aนวตา
245    ^aรักฉบับร้าย Devil s Darling
250    ^aพิมพ์ครั้งที่ 1
260    ^aกรุงเทพฯ :^bพิมพ์คำ,^c2562
300    ^a567 หน้า;^b21 ซม.
650    ^aนวนิยาย
945    ^p390^l0^i28400
999    ^aกัณชพร จุลอักษร
รายการนี้ยังไม่มีแท็ก
คุณยังไม่ได้ล็อกอิน คุณสามารถมีกิจกรรมร่วมกับเว็บไซต์ได้ แต่ต้องล็อกอินก่อน ::
  ล็อกอิน

รายการสื่อสารสนเทศ

ลำดับที่ ประเภท เลขเรียก/บาร์โค้ด สถานที่ สถานะ
1. นวนิยาย
นวนิยาย
นว น294ร ฉ.1 
  Barcode: 28400
ห้องสมุดวิทยาเขตนครสวรรค์
►หนังสือทั่วไป:l:General Books
บนชั้น

รายการใกล้เคียง
    ชื่อเรื่อง [รักฉบับร้าย Devil s Darling]

    ผู้แต่ง [นวตา]

    หัวเรื่อง [นวนิยาย]

BibComment


ยังไม่เคยถูกคอมเมนท์

คอมเมนท์ทรัพยากรรายการนี้
  คอมเมนท์: รักฉบับร้าย Devi..


 Copyright 2026. Bcnsprnw @Library